Interpodnikové vzťahy na trhu výrobnej sféry
Charakteristika interpodnikových vzťahov. Interpodnikové vzťahy a nákupná politika podniku. Rozhodovanie podniku medzi nákupom alebo výrobou. Rozdelenie nákupov medzi niekoľkých dodávateľov. Podstata vzťahov s dodávateľmi. Analýza údajov z prieskumu, ktorý sa týkal organizácie, nástrojov, metód prác...
Uložené v:
| Hlavný autor: | |
|---|---|
| Médium: | Kapitola |
| Jazyk: | Slovak |
| Predmet: | |
| Tagy: |
Žiadne tagy, Buďte prvý, kto otaguje tento záznam!
|
MARC
| LEADER | 00000naa$a2200000$$$4500 | ||
|---|---|---|---|
| 001 | 0059354 | ||
| 005 | 20240502071647.5 | ||
| 041 | 0 | |a slo | |
| 044 | |a SK | ||
| 245 | 1 | 0 | |a Interpodnikové vzťahy na trhu výrobnej sféry |c Jaroslav Kita |
| 520 | |a Charakteristika interpodnikových vzťahov. Interpodnikové vzťahy a nákupná politika podniku. Rozhodovanie podniku medzi nákupom alebo výrobou. Rozdelenie nákupov medzi niekoľkých dodávateľov. Podstata vzťahov s dodávateľmi. Analýza údajov z prieskumu, ktorý sa týkal organizácie, nástrojov, metód práce a názorov na funkciu nákupu, ktoré existujú v jednotlivých typoch podnikov na území Slovenska. | ||
| 610 | 2 | 0 | |a vzťahy medzipodnikové |
| 610 | 2 | 0 | |a spolupráca podnikov |
| 610 | 2 | 0 | |a podnik výrobný |
| 610 | 2 | 0 | |a vzťahy dodávateľsko-odberateľské |
| 610 | 2 | 0 | |a nákup |
| 610 | 2 | 0 | |a dodávatelia |
| 610 | 2 | 0 | |a partneri obchodní |
| 610 | 2 | 0 | |a veľkosť podnikov |
| 610 | 2 | 0 | |a prieskum štatistický |
| 100 | 1 | |a Kita, Jaroslav | |